| Tag |
First Indicator |
Second Indicator |
Subfields |
| LEADER |
00000cam a22000001a 4500 |
| 001 |
in00003661739 |
| 005 |
20190408172231.0 |
| 006 |
m o d f |
| 007 |
cr bn mmmapmmp |
| 008 |
141205s1899 dcu o f001 0 eng d |
| 035 |
|
|
|a ebd1909406377
|
| 040 |
|
|
|a UMI
|c UMI
|d UtOrBLW
|
| 086 |
0 |
|
|a DC 9.2:R 86/2
|
| 099 |
|
|
|a DC902-2.2
|
| 110 |
1 |
|
|a District of Columbia.
|b Court of Appeals.
|0 http://id.loc.gov/authorities/names/n83061688
|
| 245 |
1 |
0 |
|a Revised rules for government and practice of Court of Appeals of D.C., revised with additions to Apr. 1, 1899.
|
| 264 |
|
1 |
|a [Washington] :
|b Judd amp; Detweiler, Printers,
|c 1899.
|
| 300 |
|
|
|a 1 online resource (46 pages)
|
| 336 |
|
|
|a text
|b txt
|2 rdacontent
|
| 337 |
|
|
|a computer
|b c
|2 rdamedia
|
| 338 |
|
|
|a online resource
|b cr
|2 rdacarrier
|
| 500 |
|
|
|a Includes index.
|
| 533 |
|
|
|a Electronic reproduction.
|b [Bethesda, Md.] :
|c ProQuest,
|d 2014.
|e digital, PDF file.
|n ProQuest U.S. Executive Branch Documents
|n Mode of access: World Wide Web via ProQuest website.
|
| 588 |
|
|
|a Record is based on online resource; title from PDF title page (ProQuest, last viewed Dec. 2014). Reuse except for individual research requires license from ProQuest, LLC.
|
| 500 |
|
|
|a Electronic resource.
|
| 610 |
1 |
0 |
|a United States.
|t Laws, etc. (Statutes of the United States)
|0 http://id.loc.gov/authorities/names/no99035336
|
| 650 |
|
0 |
|a User charges.
|0 http://id.loc.gov/authorities/subjects/sh85141551
|
| 655 |
|
7 |
|a Electronic books.
|2 local
|
| 856 |
4 |
0 |
|u http://proxy.library.tamu.edu/login?url=http://congressional.proquest.com/congressional/docview/t66.d71.dc902-2.2
|z Connect to the full text of this electronic document
|t 0
|
| 999 |
f |
f |
|s 7d4fbcf3-5736-35ed-b807-7ae2ce0e26c6
|i 78e05539-f91f-3d29-b6fb-739bd1489f75
|t 0
|
| 952 |
f |
f |
|a Texas A&M University
|b College Station
|c Electronic Resources
|d Available Online
|t 0
|h No information provided
|
| 998 |
f |
f |
|t 0
|l Available Online
|